Anagrammes - Prénoms masculins - Série 04 - Statistiques

Statistiques générales
  • Ce quiz a été pris 182 fois
  • Le résultat moyen est 6 sur 10
Statistiques - réponses
Anagramme Prénom % Correct
VIDAD David
100%
SIOUL Louis
99%
GORRE Roger
88%
MILLAUGEU Guillaume
75%
DUCALE Claude
61%
TRONES Nestor
53%
TANGOS Gaston
51%
MARGINE Germain
44%
ALUNERIE Aurelien
41%
EIDERS Désiré
29%
Aucun quiz correspondant
Distribution des résultats
% des personnes avec chaque résultat
Percentile par nombre de réponses
Votre historique - résultats
Vous n’avez pas pris ce quiz